000 00220 a2200097 4500
020 _a9789384075361
100 _aM. Mukundan
245 _aPenakkannu(പേനക്കണ്ണ്)
260 _bSPCS
_c2023
942 _cOO
999 _c115503
_d115502